000 00362nam a2200145Ia 4500
008 230917s9999||||xx |||||||||||||| ||und||
040 _e71560
_aMAIN
041 _aEnglish
082 _a973.92 L961H
100 _aLubell, Samuel
245 4 _aThe hidden crisis in American politics
260 _aNew York
_bW W Norton
_c1970
300 _a322 p.
942 _cBK
999 _c186176
_d186176